000 00322 a2200145 4500
001 172007
020 _a
040 _cMagnum
100 _aPrado, Lucilia Junqueira de Almeida
240 1 0 _aCabelos de cenoura
_lpor
245 1 0 _aCabelos de cenoura
362 0 _a1899
697 _aJ/ADOLESCENTE, NAMORO
942 _cBK
999 _c172007
_d172007